| 000 | 00878nam a22003017a 4500 | ||
|---|---|---|---|
| 005 | 20231013084215.0 | ||
| 008 | 190613b2013 xxu||||| |||| 00| 0 spa d | ||
| 041 | _aESP | ||
| 082 | _a321.8 A293i | ||
| 100 |
_aAguilar Bulgarelli, Óscar _93960 |
||
| 245 | _aDel informe de los "notables"...a la tiranía en democracia | ||
| 260 | _aCosta Rica | ||
| 260 | _bProgreso | ||
| 300 | _a103 páginas | ||
| 650 | _aCOSTA RICA | ||
| 650 | _aGOBIERNO DEMOCRÁTICO | ||
| 650 | _aDESARROLLO SOCIAL | ||
| 650 | _aINGOBERNABILIDAD | ||
| 650 | _aTIRANÍA | ||
| 650 | _aMAYORÍAS | ||
| 650 | _aMINORÍAS | ||
| 650 | _aPOLÍTICA DEL MIEDO | ||
| 650 | _aPODER LEGISLATIVO | ||
| 650 | _aMINISTRO DE LA PRESIDENCIA | ||
| 650 | _aADMINISTRACIÓN PÚBLICA | ||
| 650 | _aDESCENTRALIZACIÓN SECTORIAL | ||
| 942 |
_cBK _2ddc |
||
| 999 |
_c12078 _d12078 |
||